Fantasy Characters Multiple Choice II Quiz Stats

 Plays Quiz Updated Jul 21, 2018

Challenge
Share
Tweet
Embed
Score 0/20 Timer 06:00
42 Plays Today
Question Answer Wrong Answers
Aragorn Lord of the Rings
92.2%
Harry Potter
2.5%
A Song of Ice and Fire
1.1%
Chronicles of Narnia
0.7%
Caspian Chronicles of Narnia
85.6%
Lord of the Rings
5.4%
Harry Potter
1.4%
A Song of Ice and Fire
3.9%
Samwise Gamgee Lord of the Rings
84.8%
Harry Potter
3.4%
A Song of Ice and Fire
4%
Chronicles of Narnia
4.4%
Rufus Scrimgeour Harry Potter
84.5%
Lord of the Rings
3.4%
A Song of Ice and Fire
3.5%
Chronicles of Narnia
4.7%
Jadis the White Witch Chronicles of Narnia
82.3%
Lord of the Rings
5.5%
Harry Potter
2.8%
A Song of Ice and Fire
5.7%
Wormtail Harry Potter
78.3%
Lord of the Rings
12%
A Song of Ice and Fire
3.3%
Chronicles of Narnia
3%
Edric Storm A Song of Ice and Fire
78.1%
Lord of the Rings
3.6%
Harry Potter
6.1%
Chronicles of Narnia
7.8%
Tumnus Chronicles of Narnia
74.9%
Lord of the Rings
5.1%
Harry Potter
7.6%
A Song of Ice and Fire
8.3%
Qyburn A Song of Ice and Fire
73.1%
Lord of the Rings
6.5%
Harry Potter
7.5%
Chronicles of Narnia
8.5%
Reepicheep Chronicles of Narnia
68.2%
Lord of the Rings
7%
Harry Potter
7.4%
A Song of Ice and Fire
13.4%
Bowen Marsh A Song of Ice and Fire
67.8%
Lord of the Rings
9.6%
Harry Potter
6.6%
Chronicles of Narnia
11.2%
Aragog Harry Potter
66%
Lord of the Rings
26.1%
A Song of Ice and Fire
2.2%
Chronicles of Narnia
2.3%
Anya Waynwood A Song of Ice and Fire
65.2%
Lord of the Rings
5.1%
Harry Potter
10.2%
Chronicles of Narnia
15%
Wormtongue Lord of the Rings
62%
Harry Potter
23.8%
A Song of Ice and Fire
6.6%
Chronicles of Narnia
4.1%
Septima Vector Harry Potter
59.8%
Lord of the Rings
3.2%
A Song of Ice and Fire
23.7%
Chronicles of Narnia
9.1%
Snowflake Chronicles of Narnia
59.2%
Lord of the Rings
6.2%
Harry Potter
9.1%
A Song of Ice and Fire
21.3%
Eddison Tollett A Song of Ice and Fire
56%
Lord of the Rings
5.4%
Harry Potter
12.3%
Chronicles of Narnia
21.9%
Bane Harry Potter
46.1%
Lord of the Rings
14%
A Song of Ice and Fire
18.3%
Chronicles of Narnia
17.4%
Grimbold Lord of the Rings
43.1%
Harry Potter
31.4%
A Song of Ice and Fire
9.8%
Chronicles of Narnia
11.6%
Old Man Willow Lord of the Rings
42.5%
Harry Potter
9%
A Song of Ice and Fire
13.2%
Chronicles of Narnia
31.1%

You're not logged in!

Compare scores with friends on all Sporcle quizzes.
Join for Free
OR
Log In

You Might Also Like...

Show Comments

Extras

Top Quizzes Today


Score Distribution

Your Account Isn't Verified!

In order to create a playlist on Sporcle, you need to verify the email address you used during registration. Go to your Sporcle Settings to finish the process.

Report this User

Report this user for behavior that violates our Community Guidelines.

Details: